[Event "Ravana op"]
[Site "Ravana"]
[Date "2009.09.13"]
[Round "1"]
[White "Malakhatko, Vadim"]
[Black "Hirimburegama, Yasith"]
[Result "1-0"]
[WhiteElo "2569"]
[BlackElo "1944"]
[PlyCount "45"]
[EventDate "2009.09.13"]
[EventType "swiss"]
[EventRounds "10"]
[EventCountry "SRI"]
[SourceTitle "EXT 2010"]
[Source "ChessBase"]
[SourceDate "2010.11.25"]
[SourceVersion "1"]
[SourceVersionDate "2010.11.25"]
[SourceQuality "1"]

1. d4 Nf6 2. c4 e6 3. Nf3 d5 4. Nc3 Nbd7 5. Bg5 Be7 6. e3 c6 7. Bd3 dxc4 8. Bxc4 c5 9. 0-0 0-0 10. Qe2 cxd4 11. exd4 Re8 12. Rad1 Nb6 13. Bb3 Nfd5 14. Bd2 Nxc3 15. bxc3 Bd7 16. Ne5 Ba4 17. Nxf7 Qc7 18. Bxa4 Nxa4 19. Qxe6 Bd6 20. Nh6+ Kh8 21. Qxd6 Qxd6 22. Nf7+ Kg8 23. Nxd6 1-0